000 00789nam a2200301Ia 4500
003 OSt
005 20231122124427.0
008 210210b1998 xxu||||| |||| 00| 0 eng d
040 _cAL
041 _aEnglish
082 _a530 SHRP
100 _aSHRIDHAR (A)
_9142998
245 _aPhysics: a textbook for second year pre-university.
260 _aMangalore
_bPrathiba Publications
_c1998
300 _ax,431
650 _ayear
_9142999
650 _atextbook
_9143000
650 _asecond
_9143001
650 _apre-university.
_9143002
650 _aPhysics:
_9143003
650 _aPhysics II PUC text
_9143004
650 _afor
_9143005
650 _aa
_9143006
690 _aPhysics
_9143003
700 _aRAO (D Sudhakar).
_9143007
906 _a055523
942 _2ddc
_cBK
999 _c102977
_d102977